[Event "Sharjah op rapid"]
[Site "Sharjah"]
[Date "2014.07.08"]
[Round "7"]
[White "Parappalli, Joe"]
[Black "Divinagracia, Alvin"]
[Result "0-1"]
[WhiteElo "1718"]
[BlackElo "1978"]
[PlyCount "48"]
[EventDate "2014.07.05"]
[EventType "swiss (rapid)"]
[EventRounds "9"]
[EventCountry "UAE"]
[SourceTitle "CBM 161 Extra"]
[Source "ChessBase"]
[SourceDate "2014.08.29"]
[SourceVersion "1"]
[SourceVersionDate "2014.08.29"]
[SourceQuality "1"]

1. d4 d6 2. c4 Nf6 3. Nc3 Nbd7 4. e4 c5 5. d5 g6 6. Be2 Bg7 7. Bg5 0-0 8. Qd2 Re8 9. f3 Ne5 10. f4 Ned7 11. Nf3 b5 12. cxb5 a6 13. 0-0 axb5 14. Bxb5 Ba6 15. Bxa6 Rxa6 16. e5 dxe5 17. fxe5 Ng4 18. d6 Ndxe5 19. Bxe7 Qd7 20. Nd5 Rxd6 21. Bxd6 Qxd6 22. Ng5 Nc4 23. Qf4 Qxd5 24. Qxf7+ Qxf7 0-1

[Event "Sharjah op rapid"]
[Site "Sharjah"]
[Date "2014.07.06"]
[Round "3"]
[White "Bajarani, Ilgar"]
[Black "Divinagracia, Alvin"]
[Result "0-1"]
[WhiteElo "2273"]
[BlackElo "1978"]
[PlyCount "62"]
[EventDate "2014.07.05"]
[EventType "swiss (rapid)"]
[EventRounds "9"]
[EventCountry "UAE"]
[SourceTitle "CBM 161 Extra"]
[Source "ChessBase"]
[SourceDate "2014.08.29"]
[SourceVersion "1"]
[SourceVersionDate "2014.08.29"]
[SourceQuality "1"]

1. e4 c5 2. Nc3 d6 3. f4 Nc6 4. Nf3 g6 5. Bc4 Bg7 6. 0-0 e6 7. d3 Nge7 8. Qe1 0-0 9. f5 d5 10. Bb3 d4 11. Ne2 exf5 12. Qh4 h5 13. Bg5 fxe4 14. dxe4 Be6 15. Bxe6 fxe6 16. Nf4 Qd6 17. e5 Qd7 18. Bf6 Rf7 19. Rae1 Raf8 20. g4 Bxf6 21. exf6 Rxf6 22. Nxh5 gxh5 23. Qg5+ Rg6 24. Qxh5 Qd5 25. g5 Kg7 26. h4 Nf5 27. c4 Qd6 28. Qg4 Ne3 29. Rxe3 dxe3 30. h5 e2 31. Re1 Rxf3 0-1